| 000 | 01107nam a22002297a 4500 | ||
|---|---|---|---|
| 999 |
_c1797 _d1797 |
||
| 003 | AR-BaISA | ||
| 005 | 20250423164942.0 | ||
| 007 | ta | ||
| 008 | 250423s2013 ag ad||f |||| 000 0 spa d | ||
| 020 | _a9789876293495 | ||
| 040 |
_bspa _cAR-BaISA |
||
| 082 | 0 | 4 |
_222 _a306.35 K841 |
| 100 |
_93633 _aKornblihtt, Alberto _eaut. |
||
| 245 | 1 | 3 |
_aLa humanidad del genoma: _bADN, política y sociedad / _cAlberto Kornblihtt |
| 260 |
_aBuenos Aires: _bSiglo XXI, _c2013 |
||
| 300 |
_a[126] p.: _bil., graf. |
||
| 490 | _aCiencia que ladra | ||
| 505 |
_tLa humanidad del genoma -- _tDeterminación de identidad y lazos biológicos -- _tDarwin 200/150 -- _tSarmiento y Darwin -- _tEl verdadero poder de los genes -- _tLas razas no existen -- _tDiseño inteligente: creacionismo y relojería -- _tLo natural es la tecnología -- _tObjetividad y subjetividad en el conocimiento científico -- _tSiempre los libros -- _tApéndice: algunas recetas para enseñar biología (o cualquier otra cosa) |
||
| 650 | 1 | 4 |
_91998 _aGenética humana _vaspectos políticos |
| 830 | 0 |
_91255 _aCiencia que ladra |
|
| 942 |
_2ddc _cLI _e22 |
||